Los talleres en educación infantil: espacios de crecimiento

Guardat en:
Dades bibliogràfiques
Autor principal: Quinto Borghi, Battista (Autor)
Format: Llibre
Idioma:espanyol
Publicat: Barcelona Graó 2005
Edició:1a. ed
Col·lecció:Biblioteca Infantil, 12
Matèries:
Etiquetes: Afegir etiqueta
Sense etiquetes, Sigues el primer a etiquetar aquest registre!

MARC

LEADER 00000nam a2200000 a 4500
001 UCI8636
003 CL-VaPUC
008 080911e20050000SP |||||||||||||||||spa|d
020 |a 847827412X 
082 0 4 |a 372.21  |b QUI  |2 21 
100 0 |a Quinto Borghi, Battista  |e author  |9 532167 
245 1 4 |a Los talleres en educación infantil: espacios de crecimiento 
250 |a 1a. ed 
300 |a 260 p 
942 |c BK 
945 |d 20080911 00:00:00  |a jtorresc 
260 |a Barcelona  |b Graó  |c 2005 
650 0 |a Educación preescolar  |9 260381 
650 0 |a Talleres educacionales   |9 339158 
650 0 |a Desarrollo infantil  |9 308064 
583 |a last modification  |c 20170829 04:44:21  |k Rodrigo Vera 
490 0 |a Biblioteca Infantil, 12 
999 |c 331452  |d 331450 
952 |0 0  |1 0  |4 0  |6 372_210000000000000_QUI_2005  |7 0  |8 A  |9 418125  |a BIBEDU  |b BIBEDU  |c ES_NOD  |d 2019-11-22  |i 4480759  |o 372.21 QUI 2005  |p 4480759  |r 2023-08-09  |w 2019-11-22  |y BK  |k EBA